| 000 | 00787nam a2200217 4500 | ||
|---|---|---|---|
| 010 | _aB-162260 | ||
| 020 |
_a9788170103325 _c1000.00(set) |
||
| 035 | _aB-162260 | ||
| 037 | _aCen Lib/Ret | ||
| 040 |
_aDPL _bEN |
||
| 082 |
_a260 _bSRI |
||
| 245 |
_aThe holy granth Sri Guru Granth Sahib / _ctranslated by Kartar Singh Duggal. |
||
| 260 |
_aNew Delhi _bHemkunt Publishers _c2005 |
||
| 270 |
_aA-78 Naraina Industrial Area Pase-1, _bNew Delhi _e110028 |
||
| 300 |
_a4 v. ; ( v 1. 804 ; v 2. 805-1652 ; v 3. 1653-2508 ; v 4. 2509-3232) _b25cm |
||
| 500 | _a4 v. ; v 1. (available) ; v 2. (available) ; v 3. (available) ; v 4. (available) | ||
| 650 | _aSikhism--Religion | ||
| 650 | _aSikhism | ||
| 700 | _aDuggal, Kartar Singh | ||
| 942 |
_2ddc _cEN _h260 _kSRI |
||
| 999 |
_c136385 _d136385 |
||